000
nam a22 7a 4500
999
_c
234765
_d
234765
003
Nust
005
20170330132305.0
008
170330b xxu||||| |||| 00| 0 eng d
040
_c
DLC
082
_a
363.3493095 PAK
245
_a
Pakistan Floods Emergency Response Plan
942
_2
ddc
_c
BK